00328nam a2200085Ia 4500008004100000245006400041260000900105300010100114650002700215180130s9999 xx 000 0 und d cKondo, MariaThe Philippines: inequality-trapped capitalism c2014 aBook title: The Oxford handbook of Asian business systems--Acession number C19643; pages 169-191 aBUSINESS SYSTEMS--ASIA